<?xml version="1.0" encoding="UTF-8"?><?xml-stylesheet type="text/xsl" href="static/style.xsl"?><OAI-PMH xmlns="http://www.openarchives.org/OAI/2.0/" xmlns:xsi="http://www.w3.org/2001/XMLSchema-instance" xsi:schemaLocation="http://www.openarchives.org/OAI/2.0/ http://www.openarchives.org/OAI/2.0/OAI-PMH.xsd"><responseDate>2026-04-27T22:05:34Z</responseDate><request verb="GetRecord" identifier="oai:uvadoc.uva.es:10324/6825" metadataPrefix="marc">https://uvadoc.uva.es/oai/request</request><GetRecord><record><header><identifier>oai:uvadoc.uva.es:10324/6825</identifier><datestamp>2025-03-03T10:21:50Z</datestamp><setSpec>com_10324_1134</setSpec><setSpec>com_10324_931</setSpec><setSpec>com_10324_894</setSpec><setSpec>col_10324_1213</setSpec></header><metadata><record xmlns="http://www.loc.gov/MARC21/slim" xmlns:doc="http://www.lyncode.com/xoai" xmlns:xsi="http://www.w3.org/2001/XMLSchema-instance" xmlns:dcterms="http://purl.org/dc/terms/" xsi:schemaLocation="http://www.loc.gov/MARC21/slim http://www.loc.gov/standards/marcxml/schema/MARC21slim.xsd">
<leader>00925njm 22002777a 4500</leader>
<datafield tag="042" ind1=" " ind2=" ">
<subfield code="a">dc</subfield>
</datafield>
<datafield tag="720" ind1=" " ind2=" ">
<subfield code="a">Obeso Cáceres, Ana María de la Luz</subfield>
<subfield code="e">author</subfield>
</datafield>
<datafield tag="720" ind1=" " ind2=" ">
<subfield code="a">Almaraz Gómez, Laura</subfield>
<subfield code="e">author</subfield>
</datafield>
<datafield tag="720" ind1=" " ind2=" ">
<subfield code="a">González Martínez, Constancio</subfield>
<subfield code="e">author</subfield>
</datafield>
<datafield tag="260" ind1=" " ind2=" ">
<subfield code="c">1986</subfield>
</datafield>
<datafield tag="520" ind1=" " ind2=" ">
<subfield code="a">The process of chemosensory transduction in the arterial chemoreceptors is not well understood. According to the metabolic hypothesis&#xd;
of chemoreception, a decrease in arterial pO 2 will produce a decrease in the adenosine triphosphate (ATP) content in the chcmosensory&#xd;
type I cells, leading to release of a neurotransmitter and increased sensory neural activity. There is a paucity of direct experimental&#xd;
support for this hypothesis, and in the present work, we have tested the postulates of the metabolic hypothesis in an in vitro&#xd;
preparation of cat carotid body using 2-deoxy-D-glucose as an ATP-depleting agent. This preparation, when superfused with Tyrode&#xd;
containing 5 mM Na+-pyruvate instead of glucose, responds normally to hypoxia, low pH and acetylcholinc, and maintains normal&#xd;
ATP levels. Under these conditions, 2-deoxy-D-glucose is a chemostimulant, i.e. electrical activity in the carotid sinus nerve is increased,&#xd;
with a threshold concentration of 0.25 mM and a maximum response at about 2-4 raM. These concentrations of 2-deoxyglucose&#xd;
evoke a dose-dependent release of [3H]dopamine (synthesized from pH]tyrosine) from the carotid bodies which parallels the&#xd;
electrical activity. The 2-deoxy-D-glucose-evoked release and electrical activity is dependent on the presence of extracellular Ca 2+ .&#xd;
These same concentrations of 2-deoxy-D-glucose significantly reduce the ATP content of the carotid bodies. The events postulated bv&#xd;
the metabolic hypothesis, i.e. decrease in ATP content, release of a putative neurotransminer and activation of the sensory nerve endings&#xd;
are found to occur simultaneously. A possible cause-effect relationship between these three events is discussed.</subfield>
</datafield>
<datafield tag="024" ind2=" " ind1="8">
<subfield code="a">Brain Research 371(1986) 25-36</subfield>
</datafield>
<datafield tag="024" ind2=" " ind1="8">
<subfield code="a">00006-8993</subfield>
</datafield>
<datafield tag="024" ind2=" " ind1="8">
<subfield code="a">http://uvadoc.uva.es/handle/10324/6825</subfield>
</datafield>
<datafield tag="024" ind2=" " ind1="8">
<subfield code="a">10.1016/0006-8993(86)90806-1</subfield>
</datafield>
<datafield tag="024" ind2=" " ind1="8">
<subfield code="a">25</subfield>
</datafield>
<datafield tag="024" ind2=" " ind1="8">
<subfield code="a">36</subfield>
</datafield>
<datafield tag="024" ind2=" " ind1="8">
<subfield code="a">Brain Research</subfield>
</datafield>
<datafield tag="024" ind2=" " ind1="8">
<subfield code="a">371</subfield>
</datafield>
<datafield ind1=" " ind2=" " tag="653">
<subfield code="a">Neurofisiología</subfield>
</datafield>
<datafield tag="245" ind1="0" ind2="0">
<subfield code="a">Effects of 2-Deoxy-D-Glucose on In Vitro Cat Carotid Body</subfield>
</datafield>
</record></metadata></record></GetRecord></OAI-PMH>